000 00583nam a22002297a 4500
003 UA-OsUOA
001 48073
007 ta
008 20070829b un ||||| |||| 00| 0 ukr d
100 _aРізниченко Т. М.
090 _a82-09
_bР57
942 _cBK
040 _aUA-OsUOA
_bukr
_cUA-OsUOA
_dUA-OsUOA
245 _aТворчі обрії братерства
300 _a177 с.
955 _a2
041 _aukr
080 _a82-09
260 _aК.
_c1979
650 7 _a82 Література. Літературознавство
_2UDC
999 _c334171
_d334171